000 00353nam a2200133Ia 4500
008 231017s9999 xx 000 0 und d
082 _a624.280
082 _bEVE
245 0 _aBridge evaluation quality assurance in Europe
245 0 _cUS Department of Transportation
260 _bUS Department of Transportation
300 _c30cm
942 _cREP
999 _c605723
_d605723